แสดงรายละเอียดบรรณานุกรม
  กลับหน้าหลัก

Brief Record : Get Marc (ISO 2709) : E-mail record : QR code ปิดหน้าต่าง
E-books : เกี่ยวกับ Collections
LEADER 00000nama 2200000uu 4500
008    040531s|||| th m m a000 0 tha d
020    978-974-297-912-6
041    tha
050    VCD 000193
100    ดาวิกา กิ่งเนตร.
245    คู่มือการปฏิบัติงานป้องกันและควบคุมดรคไข้หวัดใหญ่สายพันธุ์ใหม่ (H1N1) 2009 สำหรับบุคลากรด้านการแพทย์แลสาธารณสุข/กองบรรณาธิการ ดาริกา กิ่งเนตร,วรยา เหลืองอ่อน และอัจฉรา วรารักษ์.
250    พิมพ์ครั้งที่ 2.
260    สำนักโรคติดต่ออุบัติใหม่ กรมควบคุมโรค. นนทบุรี. 2553.
300    1 แผ่น.
600    1.กระทรวงสาธารรสุข.กรมควบคุมโรค.สำนักโรคติดต่ออุบัติใหม่.
650    1.ไข้หวัดใหม่สายพันธุ์ใหม่ 2009--การป้องกันและควบคุม--คู่มือ 2.ไข้หวัดใหญ่สายพันธุ์ใหม่ 2009--การรักษา--คู่มือ 3.บุคลากรทางการแพทย์.
995    200
999    ^aใช้งานได้ทุกระบบ
รายการนี้ยังไม่มีแท็ก
คุณยังไม่ได้ล็อกอิน คุณสามารถมีกิจกรรมร่วมกับเว็บไซต์ได้ แต่ต้องล็อกอินก่อน ::
  ล็อกอิน
ลำดับที่ ประเภท เลขเรียก สถานที่ สถานะ
1. สื่อวีดิทัศน์
สื่อวีดิทัศน์
VCD 000193  
  
ชั้นวีซีดี On Shelf
  ขอยืม
   [แสดง 1/1 รายการ]

BibComment


ยังไม่เคยถูกคอมเมนท์

คอมเมนท์ทรัพยากรรายการนี้
  คอมเมนท์: คู่มือการปฏิบัติง..
Bib 204559

 
 
 

 Union Library Management : ULibM
Copyright 2026. All Rights Reserved.
скачать бесплатно без регистрации порно красивый секс HD Sex Hindi sex

xxx gou

xxxx

bfxxx

xxxwww

Секса Видео

xxxx

Секса Видео

detube

geilexxx

C99 Shell

worms shell

blod xxx video
Ebony Coed Rihanna Rimes Takes A Dick In Her Young Twat priyaa indian fuck anal and pusssy hardcore indian women xxx desi hardcore fucking part 1 bengalixxxcouple